000 00541nam a22001937a 4500
003 OSt
005 20140310182317.0
008 130920t xxu||||| |||| 00| 0 eng d
050 _aTT 870
_b.As798s
082 _aGS 745.54
_bFto # 2 Sw
100 _aAsahi, Isamu
_921060
245 _aSnow White /
_cIsamu Asahi ; illus., Hiroaki Ikeda.
260 _aTokyo :
_bFroebel- Kan Co.,
_cLtd.
300 _c20 cm.
440 _aFairy tale origami
_n# 2
_921061
650 _aOrigami
_xSnow White
_921062
942 _2lcc
_cBK-GS
999 _c11762
_d11762